| 000 | 00620nam a22001577a 4500 | ||
|---|---|---|---|
| 003 | OSt | ||
| 005 | 20150914114546.0 | ||
| 008 | 150914b xxu||||| |||| 00| 0 eng d | ||
| 040 | _cRUA | ||
| 082 | _aAGR LY 1999 B021 Or.1 | ||
| 100 |
_9455 _aLY, BUNTHAI. |
||
| 245 | _aImpact of pesticides on farmers health in kompong leav district prey veng province ឥទ្ធិពលថ្នាំពុលកសិកម្មលើសុខភាពកសិករស្រុកកំពង់លាវ ខេត្តព្រៃវែង | ||
| 260 |
_aPhnom Penh _bRUA _c1999 |
||
| 300 |
_a62p. _bill. _c29cm. |
||
| 942 |
_2ddc _cAGR |
||
| 999 |
_c433 _d433 |
||